[Event "The Hunger Games"]
[Site "SchemingMind.com"]
[Date "2012.09.16"]
[Round "-"]
[White "Teagy"]
[Black "Scooter"]
[Result "0-1"]
[WhiteCountry "ENG"]
[BlackCountry "USA"]
[WhiteElo "1708"]
[WhiteRD "65"]
[BlackElo "1764"]
[BlackRD "51"]
[GameID "317752"]

1. e4 c6 2. d3 d5 3. Nd2 dxe4 4. dxe4 e5 5. Ngf3 Bg4 6. h3 Bxf3 7. Nxf3 Qxd1+ 8. Kxd1 Nd7 9. Bd3 O-O-O 10. Ke2 Bc5
11. Bd2 Ne7 12. Ng5 Rdf8 13. Bc4= h6 14. Nxf7 Rh7 15. Be6 g5 16. Be3 Bxe3 17. Kxe3 Kc7 18. Bb3 Rhxf7 19. Bxf7 Rxf7 20. Rad1 Nb6
21. b3 Ng6 22. g3 Nd7 23. Rd2 Nc5 24. Rhd1 h5 25. Rd6= Nf8 26. Rh6 g4 27. Rxh5 Rf3+ 28. Ke2 Rc3 29. hxg4 Nxe4 30. Rxe5 Nd6
0-1

[Event "The Hunger Games"]
[Site "SchemingMind.com"]
[Date "2012.09.16"]
[Round "-"]
[White "Scooter"]
[Black "Teagy"]
[Result "1-0"]
[WhiteCountry "USA"]
[BlackCountry "ENG"]
[WhiteElo "1764"]
[WhiteRD "51"]
[BlackElo "1708"]
[BlackRD "65"]
[GameID "317753"]

1. d4 e6 2. Nf3 Nf6 3. Bg5 c5 4. e3 cxd4 5. exd4 Be7 6. Be2 O-O 7. O-O d6 8. Nbd2 a6 9. c4 h6 10. Bxf6 Bxf6
11. Rb1 Nd7 12. Re1 Be7 13. b3 f5 14. Bd3 Qe8 15. Rxe6 Ne5 16. dxe5 Bxe6 17. exd6 Bxd6 18. Nd4 Bd7 19. Qf3 Qc8 20. Qd5+
1-0

[Event "The Hunger Games"]
[Site "SchemingMind.com"]
[Date "2012.09.17"]
[Round "-"]
[White "John Hamer"]
[Black "Phillip Beckett"]
[Result "1-0"]
[WhiteCountry "ENG"]
[BlackCountry "ENG"]
[WhiteElo "1986"]
[WhiteRD "66"]
[BlackElo "1561"]
[BlackRD "46"]
[GameID "317838"]

1. b3 b6 2. Bb2 Bb7 3. Nf3 Nf6 4. c4 e6 5. e3 Nc6 6. Nc3 Be7 7. Be2 O-O 8. O-O d5 9. d4 Bd6 10. a3 Ne7
11. Qc2 dxc4 12. bxc4 c5 13. Nb5 Bb8 14. dxc5 bxc5 15. Rfd1 Qc8 16. Rab1 a6 17. Bxf6 gxf6 18. Nc3 Qc7 19. Ne4 f5 20. Nf6+ Kg7
21. Rd7 Kxf6 22. Rxc7 Bxc7 23. Qb2+ Kg6 24. Qxb7
1-0

[Event "The Hunger Games"]
[Site "SchemingMind.com"]
[Date "2012.09.17"]
[Round "-"]
[White "Phillip Beckett"]
[Black "John Hamer"]
[Result "1/2-1/2"]
[WhiteCountry "ENG"]
[BlackCountry "ENG"]
[WhiteElo "1561"]
[WhiteRD "46"]
[BlackElo "1986"]
[BlackRD "66"]
[GameID "317840"]

1. e4 d5 2. exd5 Qxd5 3. Nc3 Qd8 4. Nf3 Bg4 5. Be2 Nf6 6. h3 Bh5 7. O-O e6 8. d3 Be7 9. Ne5 Bxe2 10. Qxe2 O-O
11. Ng4 Nc6 12. Ne5 Nd4 13. Qd1 c5 14. Ne2 Qc7 15. Nxd4 cxd4 16. Nf3 Rfd8 17. Bg5 h6 18. Bxf6 Bxf6 19. Rc1 Rd5 20. Re1 Rb5
21. b3 Rc5 22. Re2 Rc8 23. Nh2 Bg5 24. Rb1 Rxc2 25. Rxc2 Qxc2 26. Nf3 Qxa2 27. Nxg5 hxg5 28. Rc1 Ra8 29. Rc7 b6 30. Qc2 Qa1+
31. Kh2 Rd8 32. Rc8 Rxc8 33. Qxc8+ Kh7 34. Qc2 Qe1 35. g3 e5=
1/2-1/2

[Event "The Hunger Games"]
[Site "SchemingMind.com"]
[Date "2012.09.19"]
[Round "-"]
[White "Clive Everill"]
[Black "emvarela"]
[Result "0-1"]
[WhiteCountry "CZE"]
[BlackCountry "ARG"]
[WhiteElo "1700"]
[WhiteRD "49"]
[BlackElo "1757"]
[BlackRD "48"]
[GameID "317907"]

1. Nf3 Nf6 2. d4 d5 3. c4 e6 4. g3 dxc4 5. Bg2 a6 6. Ne5 c5 7. Na3 cxd4 8. Naxc4 Bc5 9. O-O O-O 10. Bd2 Nbd7
11. Rc1 Nxe5 12. Nxe5 Bd6 13. Nc4 Nd5 14. e4 dxe3 15. fxe3 Bc5 16. Re1 b5 17. Ne5 Bb6 18. Nc6 Qd7 19. Ne5 Qe7 20. a3 Bb7
21. Kh1 f6 22. Nc6 Bxc6 23. Rxc6 Rfb8 24. Bxd5 exd5 25. Bb4 Qe4+ 26. Kg1 Bxe3+ 27. Rxe3 Qxe3+ 28. Kg2 Qe4+ 29. Kg1 Qe3+ 30. Kf1 d4
31. Rc7 Rc8 32. Rxc8+ Rxc8 33. Bd2 Qd3+ 34. Kg2 Rc2 35. Qh5 Qxd2+ 36. Kh3 Qxh2+
0-1

[Event "The Hunger Games"]
[Site "SchemingMind.com"]
[Date "2012.09.20"]
[Round "-"]
[White "emvarela"]
[Black "Clive Everill"]
[Result "0-1"]
[WhiteCountry "ARG"]
[BlackCountry "CZE"]
[WhiteElo "1757"]
[WhiteRD "48"]
[BlackElo "1700"]
[BlackRD "49"]
[GameID "317911"]

1. e4 e6 2. d4 d5 3. Nc3 Nc6 4. Nf3 Nf6 5. e5 Nd7 6. Bb5 Bb4 7. O-O Na5 8. Bxd7+ Bxd7 9. Bd2 O-O 10. a3 Be7
11. Nxd5 Nc4 12. b4 exd5 13. Re1 Bg4 14. Bc3 f5 15. h3 Bh5 16. Qd3 Bg6 17. Nd2 f4 18. Qe2 Nxd2 19. Qxd2 Bg5 20. f3 Bh4
21. Re2 Bg3 22. b5 Qd7 23. Bb4 Rfe8 24. a4 a6 25. bxa6 Rxa6 26. a5 b6 27. c4 dxc4 28. Qc3 Bd3 29. Rd2 b5 30. Rxd3 cxd3
31. Qxd3 Rxe5
0-1

[Event "The Hunger Games"]
[Site "SchemingMind.com"]
[Date "2012.09.19"]
[Round "-"]
[White "Ricsige"]
[Black "kenneth m day"]
[Result "1-0"]
[WhiteCountry "AHO"]
[BlackCountry "USA"]
[WhiteElo "1422"]
[WhiteRD "68"]
[BlackElo "1752"]
[BlackRD "52"]
[GameID "317955"]

1. d4 Nf6 2. c4 e6 3. Nf3 b6 4. g3 Bb7 5. Bg2 Be7 6. Nc3 O-O 7. O-O d5 8. cxd5 Nxd5 9. Nxd5 exd5 10. Bd2 Nd7
11. Rc1 Rc8 12. a3 Nf6 13. Ne5 c5 14. dxc5 Bxc5 15. b4 Bd6 16. Nf3 Ne4 17. Rxc8 Qxc8 18. Bc1 Re8 19. Nh4 Qg4 20. f3 Qh5
21. fxe4 Ba6 22. e3 Be2 23. Qxd5 Qxd5 24. exd5 Bxf1 25. Bxf1 Re4 26. Bd3 Re5 27. e4 Kf8 28. Bf4
1-0

[Event "The Hunger Games"]
[Site "SchemingMind.com"]
[Date "2012.09.20"]
[Round "-"]
[White "NYNH"]
[Black "NimbleKnight"]
[Result "1-0"]
[WhiteCountry "USA"]
[BlackCountry "USA"]
[WhiteElo "2105"]
[WhiteRD "64"]
[BlackElo "1944"]
[BlackRD "88"]
[GameID "318032"]

1. d4 Nf6 2. c4 e6 3. g3 Bb4+ 4. Bd2 Bxd2+ 5. Nxd2 Nc6 6. Ngf3 d6 7. Bg2 O-O 8. O-O e5 9. d5 Ne7 10. e4 c6
11. Ne1 cxd5 12. exd5 Bf5 13. Nc2 Rc8 14. Ne3 Bg6 15. b4 Rc7 16. Rc1 b6 17. Nb3 Nd7 18. Qd2 Qc8 19. c5 bxc5 20. Nc4 cxb4
21. Nxd6 Qb8 22. Rxc7 Qxc7 23. Qxb4 Nb6 24. Nb5 Nbxd5 25. Bxd5 Nxd5 26. Qxf8+ Kxf8 27. Nxc7 Nxc7 28. Rc1 Ne6 29. Rc8+ Ke7 30. Ra8 Nd4
31. Rxa7+ Kd6 32. Nxd4 exd4 33. Kf1 Kc5 34. Ke2 Kb6 35. Rd7 d3+ 36. Kd2 Kb5 37. Rd8 Ka4 38. f4 h5 39. Rg8 Ka3 40. Rxg7 Kxa2
41. Rxg6 fxg6 42. Kxd3 Kb3 43. Kd4 Kc2 44. Ke5 Kd3 45. Kf6 h4 46. Kxg6 hxg3 47. hxg3 Ke4 48. f5 Kf3 49. f6 Kxg3 50. f7 Kf4
51. f8=Q+ Ke5 52. Qb4 Kd5 53. Kf5 Kc6 54. Ke6 Kc7 55. Qd6+ Kb7 56. Qc5 Ka6 57. Qb4 Ka7 58. Kd7 Ka6 59. Kc6
1-0

[Event "The Hunger Games"]
[Site "SchemingMind.com"]
[Date "2012.09.20"]
[Round "-"]
[White "larloch47"]
[Black "smothered mate"]
[Result "0-1"]
[WhiteCountry "USA"]
[BlackCountry "POL"]
[WhiteElo "1853"]
[WhiteRD "114"]
[BlackElo "1982"]
[BlackRD "55"]
[GameID "318035"]

1. d4 d5 2. c4 e6 3. Nc3 c5 4. cxd5 exd5 5. Nf3 Nc6 6. g3 c4 7. Bg2 Bb4 8. O-O Nge7 9. e4 O-O 10. exd5 Nxd5
11. Bg5 f6 12. Nxd5 Qxd5 13. Be3 Qf7 14. d5 Rd8 15. Ne1 Ne5 16. Bd4= Bxe1 17. Bxe5 Bb4 18. Qa4 a5 19. a3 Bd7 20. Qc2 Bf8
21. Bc7 Rdc8 22. d6 Bc6 23. Bxc6 bxc6 24. Rac1 Be7 25. Qxc4 Bd8 26. Qxf7+ Kxf7 27. Rxc6 Bxc7 28. dxc7 Ke7 29. Rc3 Ra7 30. Re1+ Kd7
31. Rd3+ Kxc7 32. Re7+ Kb8 33. Rxa7 Kxa7 34. Rd7+ Kb6 35. Rxg7 h5 36. Rg6 Rc2 37. Rxf6+ Kb5 38. Rf5+ Ka4 39. Rxh5 Rc1+ 40. Kg2 Rc8
0-1

[Event "The Hunger Games"]
[Site "SchemingMind.com"]
[Date "2012.09.20"]
[Round "-"]
[White "NimbleKnight"]
[Black "NYNH"]
[Result "1/2-1/2"]
[WhiteCountry "USA"]
[BlackCountry "USA"]
[WhiteElo "1944"]
[WhiteRD "88"]
[BlackElo "2105"]
[BlackRD "64"]
[GameID "318037"]

1. e4 e6 2. d4 d5 3. Nc3 Nf6 4. Bg5 Be7 5. e5 Nfd7 6. Bxe7 Qxe7 7. f4 a6 8. Qg4 f5 9. Qh5+ g6 10. Qh6 c5
11. Nf3 Nc6 12. O-O-O cxd4 13. Nxd4 Nc5 14. Nxc6 bxc6 15. h4 Bd7 16. h5 Rg8 17. hxg6 hxg6 18. Qh7 Qxh7 19. Rxh7 a5 20. Be2 O-O-O
21. Rdh1 g5 22. g3 gxf4 23. gxf4 Rg2 24. R7h2 Rdg8 25. a3 a4 26. Bf3 R2g3 27. Rf2 R3g7= 28. Rfh2 Rg3 29. Rf2 R3g7 30. Ne2 Kc7
31. Nd4 Rg3 32. Ne2 R3g7 33. Rfh2 Kc8 34. Rh8 Rxh8 35. Rxh8+ Kc7 36. Rh6 Kd8 37. Rh1 Kc8=
1/2-1/2

[Event "The Hunger Games"]
[Site "SchemingMind.com"]
[Date "2012.09.20"]
[Round "-"]
[White "smothered mate"]
[Black "larloch47"]
[Result "1-0"]
[WhiteCountry "POL"]
[BlackCountry "USA"]
[WhiteElo "1982"]
[WhiteRD "55"]
[BlackElo "1853"]
[BlackRD "114"]
[GameID "318040"]

1. e4 c6 2. d4 d5 3. exd5 cxd5 4. c4 Nf6 5. Nc3 Nc6 6. Nf3 Bg4 7. cxd5 Nxd5 8. Qb3 Bxf3 9. gxf3 e6 10. Qxb7 Nxd4
11. Bb5+ Nxb5 12. Qc6+ Ke7 13. Qxb5 Qd7 14. Nxd5+ Qxd5 15. Bg5+ f6 16. Qxd5 exd5 17. Be3 Ke6 18. O-O-O Rd8 19. Kb1 Rd7 20. Rd3 Bb4
21. Rc1 Rhd8= 22. Rc6+ Rd6 23. Rxd6+ Bxd6 24. h3 Rd7= 25. Bd4 Be5 26. Bc5 Rb7 27. b3 Rc7 28. Bd4 Bxd4 29. Rxd4 Ke5 30. Rd3 d4
31. Kb2 g5 32. b4 a6 33. a4 Kd5 34. Kb3 f5= 35. b5 axb5 36. axb5 Rb7 37. Kb4
1-0

[Event "The Hunger Games"]
[Site "SchemingMind.com"]
[Date "2012.09.26"]
[Round "-"]
[White "Fred Fanelli"]
[Black "Holty"]
[Result "0-1"]
[WhiteCountry "USA"]
[BlackCountry "ENG"]
[WhiteElo "1501"]
[WhiteRD "153"]
[BlackElo "1708"]
[BlackRD "55"]
[GameID "318108"]

1. c4 c5 2. Nf3 Nf6 3. Nc3 Nc6 4. e3 d6 5. d4 cxd4 6. Nxd4 e5 7. Nxc6 bxc6 8. e4 Be6 9. Bg5 Be7 10. Bd3 O-O
11. O-O Re8 12. b3 Ng4 13. Bxe7 Rxe7 14. h3 Nf6 15. f3 Rd7 16. Qc2 Rc8 17. Rfd1 Rdc7 18. Rac1 Nh5 19. Qf2 Nf4 20. Kh2 Qd7
21. Ne2 d5 22. Nxf4 exf4 23. exd5 cxd5 24. Qh4 g6 25. Qxf4 d4 26. Be2 Re8 27. Rxd4 Qc8 28. Qh6 Rce7 29. Rcd1 Bxh3 30. Rh4 f6
31. Rxh3 Qc7+ 32. Kh1 Rxe2 33. Rd2 Re1#
0-1

[Event "The Hunger Games"]
[Site "SchemingMind.com"]
[Date "2012.09.22"]
[Round "-"]
[White "Savage72"]
[Black "desmondw"]
[Result "1-0"]
[WhiteCountry "NED"]
[BlackCountry "IRL"]
[WhiteElo "1780"]
[WhiteRD "114"]
[BlackElo "1647"]
[BlackRD "144"]
[GameID "318112"]

1. e4 Nf6 2. e5 Nd5 3. d4 d6 4. c4 Nb6 5. exd6 cxd6 6. Nc3 g6 7. Be3 Bg7 8. h3 O-O 9. Nf3 Nc6 10. Be2 Re8
11. O-O d5 12. c5 Nc4 13. b3 Nxe3 14. fxe3 e5 15. Nb5 e4 16. Nh2 Qg5 17. Bg4 Qxe3+ 18. Kh1 Bxg4 19. Nxg4 Qg5 20. Nc7 Bxd4
21. Nxa8 Bxa1 22. Nc7 Rd8 23. Qxa1 Kf8 24. Ne6+
1-0

[Event "The Hunger Games"]
[Site "SchemingMind.com"]
[Date "2012.09.26"]
[Round "-"]
[White "Holty"]
[Black "Fred Fanelli"]
[Result "0-1"]
[WhiteCountry "ENG"]
[BlackCountry "USA"]
[WhiteElo "1708"]
[WhiteRD "55"]
[BlackElo "1501"]
[BlackRD "153"]
[GameID "318115"]

1. c4 e5 2. Nc3 Nf6 3. e4 Bb4 4. Nge2 Nc6 5. a3 Bc5 6. b4 Bd4 7. h3 Nxe4 8. Nxd4 exd4 9. Nxe4 O-O 10. d3 Re8
11. Be2 d6 12. O-O Bf5 13. f3 Bg6 14. Bb2 a6 15. Qc2 f5 16. Ng3 Qg5 17. Nh1 Qe3+ 18. Rf2 f4 19. Bc1 Qe5 20. Kf1 Bf7
21. Bd2 Qf6 22. g3 fxg3 23. Nxg3 Qh4 24. Kg2 Re6 25. Rh1 Rg6 26. Be1 Qxg3+ 27. Kf1 Be6 28. Rfh2 Qf4 29. Qd2 Qxd2 30. Bxd2 Rf8
31. Rg1 Rgf6 32. f4 Ne5 33. Ke1 Ng6 34. Bg4 Bxg4 35. hxg4 Nxf4 36. Bxf4 Rxf4 37. g5 g6 38. Re2 Kg7 39. Rh1 R4f7 40. a4 Rf3
41. Kd2 Rf2 42. Re1 R8f7 43. Rxf2 Rxf2+ 44. Re2 Rf7 45. Ke1 h6 46. gxh6+ Kxh6 47. Rf2 Re7+ 48. Re2 Rxe2+ 49. Kxe2 Kg5 50. b5 Kf4
51. Kf2 g5 52. bxa6 bxa6 53. Ke2 Kg3 54. a5 g4
0-1

[Event "The Hunger Games"]
[Site "SchemingMind.com"]
[Date "2012.09.22"]
[Round "-"]
[White "desmondw"]
[Black "Savage72"]
[Result "0-1"]
[WhiteCountry "IRL"]
[BlackCountry "NED"]
[WhiteElo "1557"]
[WhiteRD "124"]
[BlackElo "1702"]
[BlackRD "78"]
[GameID "318119"]

1. e4 e6 2. d4 d5 3. Nc3 Bb4 4. e5 c5 5. a3 Bxc3+ 6. bxc3 Ne7 7. Qg4 Ng6 8. h4 h5 9. Qg3 Qc7 10. Bb5+ Bd7
11. Bxd7+ Nxd7 12. Ne2 cxd4 13. Nxd4 Qxe5+ 14. Qxe5 Ngxe5 15. O-O a6 16. Bf4 Rc8 17. Rfe1 Ng6 18. Bd2 O-O 19. a4 Nb6 20. Reb1 Nc4
21. Be1 b6 22. g3 Nge5
0-1

[Event "The Hunger Games"]
[Site "SchemingMind.com"]
[Date "2012.09.22"]
[Round "-"]
[White "lennart"]
[Black "GreeneKing"]
[Result "0-1"]
[WhiteCountry "SWE"]
[BlackCountry "SCO"]
[WhiteElo "1471"]
[WhiteRD "55"]
[BlackElo "1892"]
[BlackRD "71"]
[GameID "318137"]

1. e4 e5 2. Nf3 Nc6 3. d3 d6 4. Nc3 Bg4 5. h3 Bh5 6. Be2 Be7 7. g3 h6 8. g4 Bg6 9. Be3 f6 10. Nd5 Qd7
11. Nxe7 Ngxe7 12. Qd2 d5 13. d4 Bxe4 14. O-O-O exd4 15. Bxd4 Nxd4 16. Qxd4 Nc6 17. Qe3 O-O-O 18. Rhg1 Rhe8 19. Qd2 Qe6 20. Rge1 d4
21. Bd3 Qxa2 22. Qf4 Bxf3 23. Qxf3 Qa1+
0-1

[Event "The Hunger Games"]
[Site "SchemingMind.com"]
[Date "2012.09.24"]
[Round "-"]
[White "kubinet"]
[Black "Timaeus"]
[Result "0-1"]
[WhiteCountry "GER"]
[BlackCountry "JPN"]
[WhiteElo "1454"]
[WhiteRD "44"]
[BlackElo "1456"]
[BlackRD "76"]
[GameID "318138"]

1. e4 e5 2. Nf3 d6 3. d4 Bg4 4. Be2 Be7 5. dxe5 dxe5 6. Qxd8+ Bxd8 7. Nxe5 Bxe2 8. Kxe2 Bf6 9. Ng4 Nd7 10. c3 O-O-O
11. Nxf6 Ngxf6 12. f3 h6 13. Be3 Kb8 14. Nd2 g5 15. Bd4 Rhe8 16. Rad1 Nd5 17. g3 f5 18. Kf2 fxe4 19. Nxe4 Rf8 20. Kg2 N7f6
21. Rhe1 b6 22. Nxf6 Nxf6
0-1

[Event "The Hunger Games"]
[Site "SchemingMind.com"]
[Date "2012.09.22"]
[Round "-"]
[White "GreeneKing"]
[Black "lennart"]
[Result "1-0"]
[WhiteCountry "SCO"]
[BlackCountry "SWE"]
[WhiteElo "1899"]
[WhiteRD "77"]
[BlackElo "1502"]
[BlackRD "54"]
[GameID "318141"]

1. e4 e5 2. Nf3 d6 3. d4 exd4 4. Qxd4 f6 5. Nc3 a6 6. Bc4 Nc6 7. Qe3 Nb4 8. Bb3 Nc6 9. Bd2 Nge7 10. O-O-O Bg4
11. Ne2 Bxf3 12. Qxf3 Qd7 13. Bc3 O-O-O 14. Nf4 Ne5 15. Bxe5 fxe5 16. Be6 exf4 17. Bxd7+ Rxd7 18. Qxf4 g6 19. e5 h5 20. exd6 Bh6
21. Qxh6 Rxh6 22. dxe7 Rxe7 23. Rhe1 Rhh7 24. Re3 b6 25. Rde1 Ref7 26. f3 Kb7 27. Re5 a5 28. Rg5 Rf6 29. Re8 Kc6 30. Rg8 Rh6
31. a4 Kb7 32. Rg7 h4 33. h3 Kc6 34. c4 Re6 35. Kd2 Rd6+ 36. Kc3 Rf6 37. b4 axb4+ 38. Kxb4 Rh5 39. R7xg6 Rxg5 40. Rxg5 Rh6
41. f4 Kb7 42. g4 hxg3 43. Rxg3 Rh4 44. Rf3 Ka6 45. f5
1-0

[Event "The Hunger Games"]
[Site "SchemingMind.com"]
[Date "2012.09.24"]
[Round "-"]
[White "Timaeus"]
[Black "kubinet"]
[Result "1-0"]
[WhiteCountry "JPN"]
[BlackCountry "GER"]
[WhiteElo "1456"]
[WhiteRD "76"]
[BlackElo "1454"]
[BlackRD "44"]
[GameID "318142"]

1. c4 Nf6 2. d3 d5 3. c5 e5 4. Nf3 Bxc5 5. Nxe5 O-O 6. d4 Bd6 7. e3 Nbd7 8. f4 Ne4 9. Qf3 f6 10. Nd3 c6
11. Be2 b6 12. O-O Qe8 13. b3 Qe7 14. Nd2 Nc3 15. Qf2 Nxe2+ 16. Qxe2 Ba6 17. Nf3 Qe4 18. Nd2 Qxd3 19. Qf2 Qc3 20. Rb1 Bxf1
21. Qxf1 Qxe3+ 22. Qf2 Bxf4 23. Nf1 Qxf2+ 24. Kxf2
1-0

[Event "The Hunger Games"]
[Site "SchemingMind.com"]
[Date "2012.09.23"]
[Round "-"]
[White "Aadsje"]
[Black "samprabhur"]
[Result "1-0"]
[WhiteCountry "NED"]
[BlackCountry "USA"]
[WhiteElo "2246"]
[WhiteRD "61"]
[BlackElo "1716"]
[BlackRD "111"]
[GameID "318161"]

1. e4 e5 2. Bc4 Nf6 3. d3 Nc6 4. Nf3 Be7 5. O-O O-O 6. Bb3 d6 7. c3 d5 8. Nbd2 dxe4 9. dxe4 Bc5 10. h3 Re8
11. Qc2 b5 12. Ng5 Be6 13. Nxe6 fxe6 14. a4 a6 15. Nf3 h6 16. Qe2 Qb8 17. axb5 axb5 18. Rxa8 Qxa8 19. Qxb5 Bd6 20. Qa4 Na5
21. Bc2 Nb7 22. Qb5 Nc5 23. Qc4 Qa6 24. Qxa6 Nxa6 25. Be3 c5 26. Rd1 Bf8 27. Nxe5
1-0

[Event "The Hunger Games"]
[Site "SchemingMind.com"]
[Date "2012.09.23"]
[Round "-"]
[White "samprabhur"]
[Black "Aadsje"]
[Result "0-1"]
[WhiteCountry "USA"]
[BlackCountry "NED"]
[WhiteElo "1817"]
[WhiteRD "116"]
[BlackElo "2233"]
[BlackRD "63"]
[GameID "318163"]

1. e4 e6 2. d4 d5 3. Nc3 Bb4 4. Bd2 Nf6 5. e5 Bxc3 6. bxc3 Ne4 7. Qg4 g6 8. Bd3 Nxd2 9. Kxd2 h5 10. Qe2 Qg5+
11. Qe3 Qe7 12. Nf3 c5 13. Rhb1 c4 14. Be2 Qa3 15. Ng5 Nd7 16. f4 Nb6 17. Qh3 Na4
0-1

[Event "The Hunger Games"]
[Site "SchemingMind.com"]
[Date "2012.09.24"]
[Round "-"]
[White "aplek"]
[Black "simpet"]
[Result "1-0"]
[WhiteCountry "POL"]
[BlackCountry "ENG"]
[WhiteElo "2238"]
[WhiteRD "195"]
[BlackElo "1694"]
[BlackRD "83"]
[GameID "318201"]

1. c4 e5 2. Nc3 Nf6 3. g3 Bb4 4. Bg2 O-O 5. d3 Nc6 6. e4 d6 7. Nf3 Bg4 8. h3 Bxf3 9. Bxf3 Nd4 10. a3 Bxc3+
11. bxc3 Nxf3+ 12. Qxf3 c5 13. Bg5 Re8 14. Rb1 b6 15. Bxf6 Qxf6 16. Qxf6 gxf6 17. Ke2 Reb8 18. a4 Rb7 19. Rb2 Rab8 20. Rhb1 h5
21. Ke3 Kg7 22. a5 Kg6 23. f4 f5 24. fxe5 dxe5 25. exf5+ Kxf5 26. axb6 Rxb6 27. Rf2+ Kg6 28. Ra1 Ra8 29. Ra5 Rc6 30. Rfa2 a6
31. Ke4 f6 32. Kd5 Rcc8 33. Rxc5 Rd8+ 34. Ke4 f5+ 35. Ke3 Re8 36. Raa5 f4+ 37. gxf4 exf4+ 38. Kxf4 Re6 39. Rg5+ Kf7 40. Rxh5 Ke7
41. Rh7+ Kd6 42. d4 Rf8+ 43. Kg5 Ra8 44. Rf5 a5 45. c5+ Kc6 46. d5+ Kxc5 47. dxe6+ Kc4 48. e7 a4 49. Rf8 Ra7 50. Rh4+ Kxc3
51. e8=Q a3 52. Qe3+ Kb2 53. Rf2+
1-0

[Event "The Hunger Games"]
[Site "SchemingMind.com"]
[Date "2012.09.29"]
[Round "-"]
[White "mtnewk"]
[Black "Coretismo"]
[Result "0-1"]
[WhiteCountry "USA"]
[BlackCountry "ENG"]
[WhiteElo "1644"]
[WhiteRD "74"]
[BlackElo "2017"]
[BlackRD "81"]
[GameID "318203"]

1. d4 Nf6 2. c4 g6 3. Nc3 d5 4. e3 Bg7 5. Bd3 O-O 6. Nf3 b6 7. O-O Bb7 8. Ne5 c5 9. f4 Nbd7 10. b3 dxc4
11. Bxc4 Nxe5 12. fxe5 Nd5 13. Bxd5 Bxd5 14. Nxd5 Qxd5 15. Bb2 Rfd8 16. Rb1 Rac8 17. Ba1 cxd4 18. exd4 f6 19. exf6 Bxf6 20. Rf3 Bxd4+
21. Bxd4 Qxd4+ 22. Qxd4 Rxd4 23. Re1 Rd2 24. Ra1 Rcc2 25. Rg3 Rxa2
0-1

[Event "The Hunger Games"]
[Site "SchemingMind.com"]
[Date "2012.09.24"]
[Round "-"]
[White "simpet"]
[Black "aplek"]
[Result "0-1"]
[WhiteCountry "ENG"]
[BlackCountry "POL"]
[WhiteElo "1694"]
[WhiteRD "83"]
[BlackElo "2238"]
[BlackRD "195"]
[GameID "318204"]

1. e4 e6 2. Nf3 d5 3. exd5 exd5 4. Be2 Bd6 5. O-O Ne7 6. Re1 O-O 7. d4 Nbc6 8. Bg5 h6 9. Bh4 Re8 10. Bb5 Bg4
11. h3 Bxf3 12. Qxf3 Nxd4 13. Qd3 Nxb5 14. Qxb5 Nf5 15. Rxe8+ Qxe8 16. Nc3 c6 17. Qa4 d4 18. f3 Qe5 19. Ne4 Nxh4 20. Nxd6 Qe2
21. Qxd4 Qxg2#
0-1

[Event "The Hunger Games"]
[Site "SchemingMind.com"]
[Date "2012.09.29"]
[Round "-"]
[White "Coretismo"]
[Black "mtnewk"]
[Result "1-0"]
[WhiteCountry "ENG"]
[BlackCountry "USA"]
[WhiteElo "2047"]
[WhiteRD "80"]
[BlackElo "1648"]
[BlackRD "72"]
[GameID "318206"]

1. c4 Nf6 2. Nc3 c5 3. Nf3 Nc6 4. d4 cxd4 5. Nxd4 g6 6. e4 Bg7 7. Be2 O-O 8. Be3 a6 9. O-O d6 10. f3 Rb8
11. Qd2 Qc7 12. Rac1 Ne5 13. Rfd1 Nxc4 14. Bxc4 Qxc4 15. Nd5 Qa4 16. Nxe7+ Kh8 17. a3 Rd8 18. Bh6 Be6 19. Bxg7+ Kxg7 20. Nef5+ Bxf5
21. Nxf5+ Kg8 22. Nxd6 Qd7 23. e5 Ne8 24. Qc3 Ng7 25. Rd2 Nf5 26. Rcd1 Nxd6 27. Rxd6 Qe8 28. Qd4 Rxd6 29. Qxd6 Qc8 30. h3 b6
31. Kh2 Kg7 32. Qf6+ Kg8 33. Rd6 Qc7 34. f4 a5 35. a4 Qc5 36. e6 fxe6 37. Qxe6+ Kf8 38. Rd7 Qf5 39. Qd6+
1-0

[Event "The Hunger Games"]
[Site "SchemingMind.com"]
[Date "2012.09.25"]
[Round "-"]
[White "Wojciech  Langer"]
[Black "Stauffenberg"]
[Result "1/2-1/2"]
[WhiteCountry "INT"]
[BlackCountry "ITA"]
[WhiteElo "1641"]
[WhiteRD "77"]
[BlackElo "1884"]
[BlackRD "109"]
[GameID "318248"]

1. d4 Nf6 2. c4 g6 3. Nc3 d5 4. cxd5 Nxd5 5. Nxd5 Qxd5 6. e3 Bg7 7. Nf3 Nc6 8. Be2 O-O 9. O-O Bf5 10. Bd3 Bg4
11. Be2 a6 12. Bd2 Bf5 13. b4 e5 14. Bc3 exd4 15. exd4 Rad8 16. Re1 Nxd4 17. Nxd4 Bxd4 18. Bxd4 Qxd4 19. a3 Qb2 20. Qc1 Qxc1
21. Raxc1 c6 22. Rcd1 Be6 23. h3 Rfe8 24. Bf3 Kf8 25. Re3 Rxd1+ 26. Bxd1 Rd8 27. Be2 Bd5 28. f3 Re8 29. Kf2 f5 30. Rxe8+ Kxe8
31. Ke3 Ke7 32. g3 Ke6 33. Kd4 Kd6 34. f4 Be6 35. h4 Bb3 36. Bd3 h5=
1/2-1/2

[Event "The Hunger Games"]
[Site "SchemingMind.com"]
[Date "2012.09.25"]
[Round "-"]
[White "ajswegiel"]
[Black "James Reed"]
[Result "1-0"]
[WhiteCountry "POL"]
[BlackCountry "ENG"]
[WhiteElo "2159"]
[WhiteRD "97"]
[BlackElo "1562"]
[BlackRD "60"]
[GameID "318249"]

1. d4 Nf6 2. c4 e6 3. Nc3 Bb4 4. Nf3 c5 5. g3 Ne4 6. Bd2 Nxd2 7. Qxd2 Nc6 8. Bg2 h6 9. O-O b6 10. a3 Bxc3
11. Qxc3 O-O 12. b4 cxb4 13. axb4 Bb7 14. Nd2 Qc7 15. Rfc1 Rfe8 16. c5 a5 17. b5 Na7 18. Bxb7 Qxb7 19. cxb6 Qxb6 20. Nc4 Qc7
21. b6 Nb5 22. bxc7 Nxc3 23. Rxc3 a4 24. Nd6 Re7 25. Rxa4 Rxa4 26. c8=Q+ Kh7 27. Qf8 Rxd4 28. Qxe7
1-0

[Event "The Hunger Games"]
[Site "SchemingMind.com"]
[Date "2012.09.25"]
[Round "-"]
[White "Stauffenberg"]
[Black "Wojciech  Langer"]
[Result "1-0"]
[WhiteCountry "ITA"]
[BlackCountry "INT"]
[WhiteElo "1837"]
[WhiteRD "125"]
[BlackElo "1638"]
[BlackRD "86"]
[GameID "318253"]

1. e4 c5 2. Nf3 e6 3. d4 cxd4 4. Nxd4 a6 5. Nc3 Qc7 6. Bd3 Nf6 7. O-O Bd6 8. f4 e5 9. Nf5 Bf8 10. fxe5 Bc5+
11. Kh1 g6 12. exf6 gxf5 13. exf5 Bd6 14. Qe2+ Kd8 15. Qh5
1-0

[Event "The Hunger Games"]
[Site "SchemingMind.com"]
[Date "2012.09.25"]
[Round "-"]
[White "James Reed"]
[Black "ajswegiel"]
[Result "0-1"]
[WhiteCountry "ENG"]
[BlackCountry "POL"]
[WhiteElo "1562"]
[WhiteRD "60"]
[BlackElo "2159"]
[BlackRD "97"]
[GameID "318254"]

1. e4 e6 2. d4 d5 3. Nc3 Nf6 4. Bg5 Be7 5. e5 Nfd7 6. Bxe7 Qxe7 7. Qd2 a6 8. Nf3 c5 9. Bd3 cxd4 10. Ne2 Nc6
11. a3 Ndxe5 12. Nxe5 Nxe5 13. h3 Nc6 14. O-O O-O 15. Rfe1 Qd6 16. c3 dxc3 17. Qxc3 e5 18. Qd2 Be6 19. Ng3 Rad8 20. Rac1 e4
21. Bb1 f5 22. b4 f4 23. Ne2 f3 24. Bc2 fxe2 25. Rxe2 Ne5 26. Bb3 b5 27. Re3 Nc4 28. Bxc4 bxc4 29. Ree1 Bc8 30. a4 Qg6
31. Kh2 Rf5 32. Rxe4 Qd6+ 33. g3 dxe4 34. Qxd6 Rxd6 35. Rxc4 Bb7 36. Rc2 Rd1 37. Kg2 e3+ 38. f3 Bxf3+ 39. Kh2 Rh1#
0-1

[Event "The Hunger Games"]
[Site "SchemingMind.com"]
[Date "2012.11.16"]
[Round "-"]
[White "Stauffenberg"]
[Black "Fred Fanelli"]
[Result "1-0"]
[WhiteCountry "ITA"]
[BlackCountry "USA"]
[WhiteElo "1850"]
[WhiteRD "87"]
[BlackElo "1504"]
[BlackRD "115"]
[GameID "321535"]

1. e4 c6 2. d4 d5 3. Nc3 dxe4 4. Nxe4 Bf5 5. Ng3 Bg6 6. h4 h5 7. Nf3 Nd7 8. Bd3 Bxd3 9. Qxd3 Ngf6 10. Bf4 Qb6
11. O-O-O Nd5 12. Bd2 O-O-O 13. Ng5 Rg8 14. Nxf7 Re8 15. Nxh5 N5f6 16. Nxf6 Nxf6 17. f3 Qc7 18. Ne5 Rd8 19. Qf5+ Kb8 20. Bf4 Qc8
21. Nxc6+
1-0